[Event "BCF-chT 9899 (4NCL)"]
[Site "England"]
[Date "1999.03.21"]
[Round "8.5"]
[White "Hansen, Carsten"]
[Black "Littlewood, Paul E"]
[Result "1/2-1/2"]
[WhiteElo "2310"]
[BlackElo "2430"]
[PlyCount "71"]
[EventDate "1998.10.??"]
[EventType "team"]
[EventRounds "11"]
[EventCountry "ENG"]
[SourceTitle "EXT 2000"]
[Source "ChessBase"]
[SourceDate "1999.11.16"]
[SourceVersion "1"]
[SourceVersionDate "1999.11.16"]
[SourceQuality "1"]
[WhiteTeam "Barbican"]
[BlackTeam "Wood Green"]
[WhiteTeamCountry "ENG"]
[BlackTeamCountry "ENG"]

1. c4 e5 2. Nc3 Nf6 3. Nf3 Nc6 4. e4 Bb4 5. d3 Bxc3+ 6. bxc3 d6 7. g3 0-0 8. Bg2 a6 9. a4 Na5 10. Nd2 Nd7 11. 0-0 Nc5 12. d4 Nd3 13. Ba3 exd4 14. Qc2 Nc5 15. cxd4 Ne6 16. Bb2 f6 17. f4 Bd7 18. d5 Nc5 19. Bd4 b6 20. Bxc5 bxc5 21. Qc3 Nb7 22. Rab1 Ra7 23. a5 Re8 24. Rb2 Qe7 25. Re1 Nd8 26. h3 Nf7 27. Nf3 Raa8 28. Rbe2 Rab8 29. g4 Qf8 30. Re3 Rb4 31. e5 dxe5 32. fxe5 fxe5 33. Nxe5 Nxe5 34. Rxe5 Rxe5 35. Qxe5 Qd6 36. Qe4 1/2-1/2

[Event "BCF-chT 9899 (4NCL)"]
[Site "England"]
[Date "1998.11.22"]
[Round "4.5"]
[White "Hansen, Carsten"]
[Black "McNab, Colin Anderson"]
[Result "1/2-1/2"]
[WhiteElo "2305"]
[BlackElo "2455"]
[PlyCount "89"]
[EventDate "1998.10.??"]
[EventType "team"]
[EventRounds "11"]
[EventCountry "ENG"]
[SourceTitle "EXT 2000"]
[Source "ChessBase"]
[SourceDate "1999.11.16"]
[SourceVersion "1"]
[SourceVersionDate "1999.11.16"]
[SourceQuality "1"]
[WhiteTeam "Barbican"]
[BlackTeam "Slough"]
[WhiteTeamCountry "ENG"]
[BlackTeamCountry "ENG"]

1. d4 d6 2. Nf3 g6 3. c4 Nd7 4. Nc3 e5 5. Bg5 f6 6. Bd2 Bg7 7. g3 c6 8. Bg2 Qe7 9. d5 c5 10. e4 Nh6 11. 0-0 0-0 12. Qc1 Nf7 13. Nh4 Nb6 14. Ne2 Bd7 15. b3 Rae8 16. Qc2 f5 17. a4 f4 18. a5 Na8 19. Nf3 g5 20. Ne1 g4 21. f3 Ng5 22. Nc3 Nc7 23. Qd3 fxg3 24. hxg3 Na6 25. Nb5 Nb4 26. Bxb4 cxb4 27. Nxa7 Rf6 28. fxg4 Rxf1+ 29. Qxf1 Bxg4 30. Qd3 Qc7 31. Qe3 Bh6 32. Qb6 Qf7 33. Ra2 Qg6 34. Rf2 Bh3 35. Qxb7 Bxg2 36. Kxg2 Nxe4 37. Rf3 Rf8 38. Nc6 Qg4 39. Ne7+ Kh8 40. Nf5 Bd2 41. Nd3 Rg8 42. Qf7 Qxf3+ 43. Kxf3 Ng5+ 44. Ke2 Nxf7 45. Kxd2 1/2-1/2

[Event "BCF-chT 9899 (4NCL)"]
[Site "England"]
[Date "1998.10.25"]
[Round "2.6"]
[White "Hansen, Carsten"]
[Black "Alfred, Nathan"]
[Result "1-0"]
[WhiteElo "2310"]
[BlackElo "2235"]
[PlyCount "93"]
[EventDate "1998.10.??"]
[EventType "team"]
[EventRounds "11"]
[EventCountry "ENG"]
[SourceTitle "EXT 2000"]
[Source "ChessBase"]
[SourceDate "1999.11.16"]
[SourceVersion "1"]
[SourceVersionDate "1999.11.16"]
[SourceQuality "1"]
[WhiteTeam "Barbican"]
[BlackTeam "Invicta Knights Maidstone"]
[WhiteTeamCountry "ENG"]
[BlackTeamCountry "ENG"]

1. d4 Nf6 2. c4 g6 3. Nc3 Bg7 4. Bg5 d6 5. Nf3 h6 6. Bh4 0-0 7. e3 Nbd7 8. Qc2 a6 9. Rd1 c6 10. Be2 Rb8 11. 0-0 b5 12. a3 bxc4 13. Bxc4 d5 14. Ba2 Nb6 15. Ne5 Bf5 16. Qe2 Qc8 17. Rc1 Qb7 18. b4 Rfe8 19. Nb1 Rbc8 20. Nd2 Nbd7 21. Bxf6 Bxf6 22. e4 Bxe5 23. dxe5 Be6 24. f4 Nf8 25. f5 Bd7 26. e6 fxe6 27. fxg6 Nxg6 28. Qh5 Kg7 29. exd5 cxd5 30. Bb1 Qb6+ 31. Rc5 e5 32. Bxg6 Qxg6 33. Qxe5+ Kh7 34. Rxc8 Bxc8 35. Qxd5 Be6 36. Qe4 Rd8 37. Qxg6+ Kxg6 38. Re1 Kf7 39. Ne4 Rd3 40. Nc5 Rd6 41. Rxe6 Rxe6 42. Nxe6 Kxe6 43. g4 Kd5 44. h4 Ke4 45. g5 hxg5 46. h5 Kf5 47. a4 1-0

[Event "BCF-chT 9899 (4NCL)"]
[Site "England"]
[Date "1998.10.24"]
[Round "1.4"]
[White "Duncan, Christopher R"]
[Black "Hansen, Carsten"]
[Result "1/2-1/2"]
[WhiteElo "2265"]
[BlackElo "2310"]
[PlyCount "53"]
[EventDate "1998.10.??"]
[EventType "team"]
[EventRounds "11"]
[EventCountry "ENG"]
[SourceTitle "EXT 2000"]
[Source "ChessBase"]
[SourceDate "1999.11.16"]
[SourceVersion "1"]
[SourceVersionDate "1999.11.16"]
[SourceQuality "1"]
[WhiteTeam "Barbican II"]
[BlackTeam "Barbican"]
[WhiteTeamCountry "ENG"]
[BlackTeamCountry "ENG"]

1. c4 c5 2. Nf3 g6 3. d4 cxd4 4. Nxd4 Nc6 5. e4 Nf6 6. Nc3 d6 7. Be2 Nxd4 8. Qxd4 Bg7 9. Bg5 0-0 10. Qd2 Be6 11. 0-0 Qa5 12. Rad1 Rfc8 13. b3 Kf8 14. f4 Rc5 15. Bf3 Rxg5 16. fxg5 Nd7 17. Nd5 Qxd2 18. Rxd2 Bxd5 19. cxd5 Bc3 20. Rc2 Bd4+ 21. Kh1 Bc5 22. Rfc1 a5 23. g3 Ne5 24. Kg2 b6 25. Be2 Kg7 26. h4 Rh8 27. Rh1 1/2-1/2

[Event "Aarhus-A"]
[Site "Aarhus"]
[Date "1995.??.??"]
[Round "5"]
[White "Hansen, Carsten"]
[Black "Rasmussen, Casper"]
[Result "1/2-1/2"]
[WhiteElo "2295"]
[BlackElo "2255"]
[PlyCount "80"]
[EventDate "1995.??.??"]
[EventType "tourn"]
[EventRounds "7"]
[EventCountry "DEN"]
[SourceTitle "EXT 2000"]
[Source "ChessBase"]
[SourceDate "1999.11.16"]
[SourceVersion "1"]
[SourceVersionDate "1999.11.16"]
[SourceQuality "1"]

1. d4 d6 2. Nf3 g6 3. c4 Bg7 4. Nc3 e5 5. dxe5 dxe5 6. Bg5 Qxd1+ 7. Rxd1 f6 8. Nb5 Na6 9. Be3 Ne7 10. g3 Be6 11. Nd2 Nf5 12. Bg2 c6 13. Nc3 Ke7 14. h4 Nxe3 15. fxe3 Rad8 16. Bh3 f5 17. e4 Nb4 18. exf5 gxf5 19. e4 f4 20. Bxe6 Kxe6 21. 0-0 Nc2 22. Nb3 Ne3 23. Rxd8 Rxd8 24. Rf3 b6 25. c5 Nc4 26. gxf4 exf4 27. Ne2 Bxb2 28. Nxf4+ Ke7 29. Nd3 Bf6 30. h5 Rg8+ 31. Kf2 Rg5 32. Rh3 bxc5 33. Ndxc5 a5 34. a4 Nb6 35. Ke2 Kd6 36. Nb7+ Kc7 37. N7xa5 Nxa4 38. Rf3 Bc3 39. Rf7+ Kb6 40. Nc4+ Kb5 1/2-1/2